000 00289nam a22001217a 4500
008 170302b xxu||||| |||| 00| 0 eng d
041 _aeng
080 _212 ED
_a616.073
100 _a6
101 _aSHM
245 _aPRINCIPLES CLINICAL ELECTROCARDIOGRAPHY
_cGOLDMAN.M/J
942 _2udc
_cBK
999 _c6559
_d6559